00971nam a22002177a 45000010005000000030008000050050017000130080041000300350018000710400026000890410008001150820015001231000019001382450318001572600044004753000019005196500046005389420012005849990015005969520142006119949BD-RjUL20211208234853.0140122s1951 cau ||| |||| 00| 0 eng d a(BD-RjUL)9995 aBD-RjULbengcBD-RjUL aeng a347.2bGHL1 aGhosh,A93073414aThe Laws of compulsory acquisition and compensation in India, Pakistan and Burma, including the Land acquisition act, I of 1894, with the Land acquisition (mines) act XVIII of 1885 and extracts from other central and state enactments on compulsory acquisition and compensation in India, Pakistan & Burma.cGhosh,A aCalcutta :b Eastern Law House, c1951 a638p. ;c21cm.07aIndia. Land Acquisition Act, 1894.930735 2ddccBK c9949d9949 00102ddc40708NFICaRUCLbRUCLcStackd1962-10-11eCmith and ommeyg13.25l0o347.2 GHL 1951r2014-01-22 00:00:00tC-2w2014-01-22yBK